| 000 | 00334nam a2200121Ia 4500 | ||
|---|---|---|---|
| 008 | 220216s9999 xx 000 0 und d | ||
| 245 | 0 | _aGuidelines to good housekeeping for rubber processing factories | |
| 260 |
_bPlanters Bulletin _c1977 |
||
| 300 | _a122-126 | ||
| 650 | _aRubber processing | ||
| 650 | _aRubber traps | ||
| 942 | _cJS | ||
| 999 |
_c60202 _d60202 |
||